Sammy e Rosie vanno a letto : la sceneggiatura e il diario /

में बचाया:
ग्रंथसूची विवरण
मुख्य लेखक: Kureishi, Hanif (लेखक)
अन्य लेखक: Pezzotta, Alberto
स्वरूप: पुस्तक
भाषा:इतालवी
प्रकाशित: Milano : Baldini & Castoldi, \1998!
श्रृंखला:Romanzi e racconti ; 126
विषय:
टैग: टैग जोड़ें
कोई टैग नहीं, इस रिकॉर्ड को टैग करने वाले पहले व्यक्ति बनें!

MARC

LEADER 00000nam a22000007i 4500
001 IT\ICCU\FER\0165575
003 ItRI
005 20260115231938.0
008 980513s1998 it |||||| ||||| |||||c
015 |2 IT  |a 99-2156 
020 |a 8880894757 
040 |b ita  |c importazione bologna sebina 
041 7 |a ita  |2 ISO-639-2 
082 |a 791.4372  |9 Singoli film  |2 20 
100 1 |a Kureishi, Hanif  |0 IT\ICCU\CFIV\108235  |4 aut 
240 1 0 |a Sammy and Rosie get laid.  |3 IT\ICCU\FER\0165576  |9 Kureishi, Hanif 
245 1 0 |a Sammy e Rosie vanno a letto :  |b la sceneggiatura e il diario /  |c Hanif Kureishi ; traduzione di Alberto Pezzotta. 
260 |a Milano :  |b Baldini & Castoldi,  |c \1998! 
300 |a 172 p. ;  |c 23 cm. 
650 7 |a Sammy e Rosie vanno a letto <film>  |x Sceneggiatura  |2 scbi 
700 1 |a Pezzotta, Alberto  |0 IT\ICCU\LO1V\027916 
830 0 |a Romanzi e racconti ;  |v 126  |0 IT\ICCU\RAV\0187056 
942 |2 ddc  |c BK  |n 0 
952 |0 0  |1 0  |4 0  |6 DOC_791_437000000000000_KUR  |7 0  |9 17435  |a BO  |b BO  |d 2026-01-15  |i 5035  |l 0  |o DOC 791.437 KUR  |p BO5035  |r 2026-01-15 23:19:38  |w 2026-01-15  |x [Sebina 5] [1 v.]  |y BK  |z 1 v. 
999 |c 14873  |d 14873